My life as a book / (Record no. 1912)

MARC details
000 -LEADER
fixed length control field 01117cam a2200325 a 4500
005 - DATE AND TIME OF LATEST TRANSACTION
control field 20231010105047.0
020 ## - INTERNATIONAL STANDARD BOOK NUMBER
International Standard Book Number 9780805089035 (hc : alk. paper)
040 ## - CATALOGING SOURCE
Original cataloging agency DLC
Transcribing agency DLC
Modifying agency DLC
050 00 - LIBRARY OF CONGRESS CALL NUMBER
Classification number PZ7.T211135
Item number My 2010
082 00 - DEWEY DECIMAL CLASSIFICATION NUMBER
Classification number [Fic]
Edition number 22
100 1# - MAIN ENTRY--PERSONAL NAME
Personal name Tashjian, Janet.
245 10 - TITLE STATEMENT
Title My life as a book /
Statement of responsibility, etc. Janet Tashjian ; with cartoons by Jake Tashjian.
250 ## - EDITION STATEMENT
Edition statement First Scholastic printing, May 2011
260 ## - PUBLICATION, DISTRIBUTION, ETC.
Place of publication, distribution, etc. New York :
Name of publisher, distributor, etc. Scholastic,
Date of publication, distribution, etc. 2011
300 ## - PHYSICAL DESCRIPTION
Extent 211 pages :
Other physical details illustrations ;
Dimensions 22 cm
500 ## - GENERAL NOTE
General note "Christy Ottaviano Books."
505 ## - FORMATTED CONTENTS NOTE
Formatted contents note Q
520 ## - SUMMARY, ETC.
Summary, etc. Dubbed a "reluctant reader" by his teacher, twelve-year-old Derek spends summer vacation learning important lessons even though he does not complete his summer reading list.
521 ## - TARGET AUDIENCE NOTE
Target audience note 880 <br/>
Source Lexile
521 ## - TARGET AUDIENCE NOTE
Target audience note Q <br/>
Source Raz-Plus
650 #1 - SUBJECT ADDED ENTRY--TOPICAL TERM
Topical term or geographic name entry element Summer
Form subdivision Fiction.
650 #1 - SUBJECT ADDED ENTRY--TOPICAL TERM
Topical term or geographic name entry element Secrets
Form subdivision Fiction.
650 #1 - SUBJECT ADDED ENTRY--TOPICAL TERM
Topical term or geographic name entry element Family life
Form subdivision Fiction.
650 #1 - SUBJECT ADDED ENTRY--TOPICAL TERM
Topical term or geographic name entry element Books and reading
Form subdivision Fiction.
650 #1 - SUBJECT ADDED ENTRY--TOPICAL TERM
Topical term or geographic name entry element Animals
Form subdivision Fiction.
650 #1 - SUBJECT ADDED ENTRY--TOPICAL TERM
Topical term or geographic name entry element Children's art.
700 1# - ADDED ENTRY--PERSONAL NAME
Personal name Tashjian, Jake,
Dates associated with a name 1994-
Relator term illustrator
942 ## - ADDED ENTRY ELEMENTS (KOHA)
Source of classification or shelving scheme Dewey Decimal Classification
Koha item type Books
Suppress in OPAC No
999 ## -
-- 1912
-- 1912
Holdings
Withdrawn status Lost status Source of classification or shelving scheme Damaged status Not for loan Collection Home library Current library Shelving location Date acquired Total Checkouts Full call number Barcode Date last seen Price effective from Koha item type
    Dewey Decimal Classification     Fiction Footprints International School Library Network Toul Kork Campus Footprints International School Library Network Toul Kork Campus A TK Campus, 4th Floor, Room B401, Fiction Bookcases (1-6) 10/10/2023   TAS 813.54 PZ7.T211135 FISTK04926 10/10/2023 10/10/2023 Books